| 000 | 005670000a22001570004500 | ||
|---|---|---|---|
| 090 | _aAV 0437 | ||
| 100 | 1 | _aTorres Arrollo, Rosa | |
| 245 | 1 | 0 | _aSeia' buru takän alluna = De noche bajamos a buscar un burro , Olga Trujillo Benítez y Nanci Morse |
| 260 | _aColombia : Towsend | ||
| 300 | _a7 p. | ||
| 500 | _aEs propiedad del Ministerio de Gobierno | ||
| 505 | 0 | 0 | _aGuía de alfabeto -- Seia' buru takän allunna = de noche bajamos a buscar un burro |
| 650 | 1 | 4 | _aLENGUAS INDIGENAS \ LENGUAS INDIGENAS - COLOMBIA \ ALFABETO INDIGENA |
| 001 | 17884 | ||
| 942 | _cBK | ||
| 999 |
_c44379 _d44379 |
||